Novel materials in heterogeneous catalysis /
Salvato in:
| Enti autori: | , , |
|---|---|
| Altri autori: | , |
| Natura: | Atti del Convegno Libro |
| Lingua: | inglese |
| Pubblicazione: |
Washington, DC
American Chemical Society
1990.
|
| Serie: | ACS symposium series ;
437 |
| Soggetti: | |
| Accesso online: | Visualizza in OPAC |
| Tags: |
Nessun Tag, puoi essere il primo ad aggiungerne!!
|
MARC
| LEADER | 00000pam a2200000 a 4500 | ||
|---|---|---|---|
| 005 | 20260127134213.0 | ||
| 008 | 050512s1990 dcua b 101 0 eng | ||
| 010 | |a 90-001209 | ||
| 020 | |a 0841218633 (alk. paper) | ||
| 035 | |a vtls008153342 | ||
| 035 | |a 1995622 | ||
| 039 | 9 | |a 200612071426 |b kosnk01 |y 200505120908 |z mschk03 | |
| 040 | |a STUSCHK1 |b slo |c STUSCHK1 | ||
| 082 | 0 | 0 | |a 541.3/95 |2 20 |
| 245 | 0 | 0 | |a Novel materials in heterogeneous catalysis / |c R. Terry K. Baker, editor, Larry L. Murrell, editor. |
| 260 | |a Washington, DC |b American Chemical Society |c 1990. | ||
| 300 | |a x, 366 p. |b ill. |c 24 cm. | ||
| 440 | 0 | |a ACS symposium series ; |v 437 | |
| 500 | |a "Developed from a symposium sponsored by the divisions of Colloid and Surface Chemistry ... [et al.] at the 198th National Meeting of the American Chemical Society, Miami Beach, Florida, September 10-15, 1989." | ||
| 500 | |a Papers presented at the Symposium on New Catalytic Materials and Techniques, held at the ACS meeting in Miami Beach, September 1989. | ||
| 504 | |a Includes bibliographical references and indexes. | ||
| 650 | 0 | |a Heterogeneous catalysis |x Congresses. | |
| 700 | 1 | |a Baker, R. T. K., |d 1938- | |
| 700 | 1 | |a Murrell, Larry L., |d 1942- | |
| 710 | 2 | |a American Chemical Society. |b Meeting |n (198. : |d 1989 : |c Miami Beach, Fla.) | |
| 710 | 2 | |a American Chemical Society. |b Division of Colloid and Surface Chemistry | |
| 711 | 2 | |a Symposium on New Catalytic Materials and Techniques |d (1989 : |c Miami Beach, Fla.) |9 573 | |
| 906 | |a 7 |b cbc |c orignew |d 1 |e ocip |f 19 |g y-gencatlg | ||
| 910 | |a SCHK95 | ||
| 919 | |a 0-8412-1863-3 | ||
| 991 | |b c-GenColl |h QD505 |i .N69 1990 |p 00038794425 |t Copy 1 |v 437 |w BOOKS | ||
| 999 | |c 6624 |d 6624 | ||